[Event "Sitges Sunway op-B 2nd"]
[Site "Sitges"]
[Date "2015.12.13"]
[Round "1"]
[White "Cemborain Oricain, Alfonso"]
[Black "Tseng Wang, Yuan Chiuan"]
[Result "1-0"]
[WhiteElo "1913"]
[BlackElo "1578"]
[PlyCount "143"]
[EventDate "2015.12.13"]
[EventType "swiss"]
[EventRounds "9"]
[EventCountry "ESP"]
[SourceTitle "CBM 170 Extra"]
[Source "ChessBase"]
[SourceDate "2016.02.25"]
[SourceVersion "1"]
[SourceVersionDate "2016.02.25"]
[SourceQuality "1"]

1. e4 c5 2. Nc3 Nc6 3. Bb5 Nd4 4. Bc4 d6 5. d3 Nf6 6. Nge2 Nc6 7. 0-0 e6 8. Bb3 Be7 9. f4 0-0 10. a3 a6 11. Ng3 Nd4 12. Ba2 b5 13. Nce2 Nxe2+ 14. Qxe2 Nd7 15. Bd2 e5 16. Nf5 exf4 17. Bxf4 Ne5 18. Ne3 Bg5 19. c3 Bxf4 20. Rxf4 Be6 21. Bd5 Bxd5 22. Nxd5 Ng6 23. Rf2 Ne7 24. Ne3 d5 25. e5 d4 26. Nc2 Nc6 27. e6 Qd6 28. exf7+ Rxf7 29. Rxf7 Kxf7 30. Qe4 Kg8 31. cxd4 cxd4 32. Re1 Rf8 33. Qe6+ Qxe6 34. Rxe6 Rf6 35. Rxf6 gxf6 36. Kf2 Kf7 37. Kf3 Ke6 38. Ke4 f5+ 39. Kf4 Kf6 40. h4 Ne5 41. Nb4 Ng6+ 42. Kf3 Nxh4+ 43. Kf2 Ke5 44. Nxa6 Kd6 45. Nb4 Ng6 46. Nc2 Kc5 47. g3 Ne5 48. Ke2 Nc6 49. b3 Kd5 50. Ne1 b4 51. axb4 Nxb4 52. Nf3 Na2 53. Kd2 Nb4 54. Ng5 h6 55. Nf7 h5 56. Ng5 Kc5 57. Nh3 Nd5 58. Ng1 Ne3 59. Ke2 Nc2 60. Nh3 Kd5 61. Nf4+ Kc5 62. Nxh5 Kb4 63. Ng7 Ne3 64. Ne6 Kc3 65. b4 Kxb4 66. Nxd4 f4 67. gxf4 Nd5 68. Kf3 Kc3 69. Ke4 Nxf4 70. Nb5+ Kd2 71. d4 Nh5 72. Ke5 1-0